Group tests of intelligence (Record no. 1350340)

MARC details
000 -LEADER
fixed length control field 00551nam a2200193Ia 4500
005 - DATE AND TIME OF LATEST TRANSACTION
control field 20250508154442.0
008 - FIXED-LENGTH DATA ELEMENTS--GENERAL INFORMATION
fixed length control field 008 250505s9999 xx 000 0 eng d
020 ## - INTERNATIONAL STANDARD BOOK NUMBER
International Standard Book Number 684-13293-1 (Set)
037 ## - SOURCE OF ACQUISITION
Stock number Reference
040 ## - CATALOGING SOURCE
Original cataloging agency FEDL
Language of cataloging eng
Transcribing agency FEDL
041 ## - LANGUAGE CODE
Language code of text/sound track or separate title eng
Source of code eng
084 ## - COLON CLASSIFICATION NUMBER
Classification number 151.223, BAL
Assigning agency FEDL
100 ## - MAIN ENTRY--PERSONAL NAME
Personal name Ballard Philip Boswood
9 (RLIN) 140114
245 #0 - TITLE STATEMENT
Title Group tests of intelligence
260 ## - PUBLICATION, DISTRIBUTION, ETC.
Place of publication, distribution, etc. London, UK
Name of publisher, distributor, etc. University of London Press Limited
300 ## - PHYSICAL DESCRIPTION
Extent 252p.
942 ## - ADDED ENTRY ELEMENTS (KOHA)
Koha item type Reference
Classification part 151.223, BAL
Holdings
Withdrawn status Lost status Damaged status Not for loan Home library Current library Date acquired Total Checkouts Full call number Barcode Date last seen Price effective from Koha item type
        Department of Education Library Department of Education Library 2025-05-08   151.223, BAL EL0034274 2025-05-08 2025-05-08 Reference
Copyright @ Delhi University Library System